Most Populated City in Each State Of The USA - Statistics

General Stats
  • This quiz has been taken 100 times
  • The average score is 40 of 50
Answer Stats
State Answer % Correct
California Los Angeles
99%
New York New York City
99%
Georgia Atlanta
96%
Illinois Chicago
96%
Texas Houston
96%
Colorado Denver
95%
Pennsylvania Philadelphia
95%
Arizona Phoenix
95%
Washington Seattle
95%
Massachusetts Boston
94%
Hawaii Honolulu
93%
Nevada Las Vegas
91%
Tennessee Nashville
91%
Indiana Indianapolis
90%
Mississippi Jackson
90%
Louisiana New Orleans
90%
Utah Salt Lake City
90%
Missouri Kansas City
89%
Maine Portland
89%
Oregon Portland
89%
Ohio Columbus
88%
Michigan Detroit
88%
Oklahoma Oklahoma City
88%
North Carolina Charlotte
86%
Alaska Anchorage
85%
Idaho Boise
85%
Florida Jacksonville
85%
Maryland Baltimore
84%
Minnesota Minneapolis
83%
New Mexico Albuquerque
82%
Iowa Des Moines
79%
Arkansas Little Rock
79%
Wisconsin Milwaukee
79%
Wyoming Cheyenne
76%
South Carolina Charleston
74%
West Virginia Charleston
74%
Kentucky Louisville
74%
Nebraska Omaha
73%
Rhode Island Providence
69%
New Jersey Newark
62%
Virginia Virginia Beach
62%
Kansas Wichita
62%
North Dakota Fargo
61%
Montana Billings
57%
South Dakota Sioux Falls
54%
Vermont Burlington
47%
Alabama Huntsville
44%
Delaware Wilmington
44%
New Hampshire Manchester
39%
Connecticut Bridgeport
35%
No matching quizzes found
Score Distribution
Percent of People with Each Score
Percentile by Number Answered
Your Score History
You have not taken this quiz